Súčasné trendy v manažmente zborník z medzinárodnej konferencie, Bratislava 1.-2. októbra 1998

Uložené v:
Podrobná bibliografia
Ďalší autori: Cibáková, Viera
Médium: Kniha
Jazyk:Slovak
English
Vydavateľské údaje: Bratislava Fakulta managementu UK 1998
Predmet:
Tagy: Pridať tag
Žiadne tagy, Buďte prvý, kto otaguje tento záznam!

MARC

LEADER 00000nam a2200000 4500
001 c119991
005 20221109094530.2
020 |a 80-967876-3-2 
041 0 |a slo 
041 0 |a eng 
044 |a SK 
245 1 0 |a Súčasné trendy v manažmente  |b zborník z medzinárodnej konferencie, Bratislava 1.-2. októbra 1998  |c [Zostav. Viera Cibáková] 
264 1 |a Bratislava  |b Fakulta managementu UK  |c 1998 
300 |a preruš. str. 
610 2 0 |a manažment 
610 2 0 |a zdroje ľudské 
610 2 0 |a manažment personálny 
610 2 0 |a marketing 
610 2 0 |a systémy informačné 
610 2 0 |a technológie nové 
610 2 0 |a stratégia podniková 
700 1 |a Cibáková, Viera